| 000 | 01088nam#a2200313#c#4500 | ||
|---|---|---|---|
| 999 |
_c152222 _d152222 |
||
| 003 | IEF | ||
| 005 | 20260429140615.0 | ||
| 007 | ta | ||
| 008 | 071024t2025 sp fr |00||u|spa|u | ||
| 017 | _aM 24751-2025 | ||
| 020 | _a979-13-87743-15-4 | ||
| 040 |
_aES-MaIEF _bspa _cES-MaIEF |
||
| 245 | 0 | 0 |
_aEl impacto de la fiscalidad internacional _c Director, Isaac Merino Jara ; coordinadores, Antonio Vázquez del Rey Villanueva, Irune Suberbiola Garbizu |
| 250 | _a[1ª ed., noviembre 2025] | ||
| 260 |
_aLas Rozas (Madrid) _bLa Ley _c[2025] |
||
| 300 |
_a1766 p. _c24 cm |
||
| 490 | _aTratado de derecho tributario | ||
| 504 | _aBibliografía. | ||
| 650 | 4 |
_aFISCALIDAD INTERNACIONAL _944303 |
|
| 650 | 4 |
_aDERECHO COMUNITARIO EUROPEO _941975 |
|
| 650 | 7 |
_aECONOMÍA DIGITAL _966104 |
|
| 650 | 4 |
_aEROSIÓN DE LA BASE IMPONIBLE Y TRASLADO DE BENEFICIOS _963148 |
|
| 650 | 4 |
_aSISTEMA FISCAL _948426 |
|
| 700 | 1 |
_aMerino Jara, Isaac _929263 |
|
| 700 |
_aVázquez del Rey Villanueva, Antonio _944861 |
||
| 700 | 1 |
_aSuberbiola Garbizu, Irune _966912 |
|
| 942 | _cLIB | ||